Sports Quiz

Random Sports Quiz

CFB teams to never win a conference title Quiz Stats

 Plays Quiz not verified by Sporcle

Challenge
Share
Tweet
Embed
Score 0/6 Timer 10:00
0 Plays Today
% Correct
Notre Dame
75%
Army
72.2%
Navy
72.2%
South Florida
44.4%
Florida International
13.9%
Alabama-Birmingham
11.1%

You're not logged in!

Compare scores with friends on all Sporcle quizzes.
Join for Free
OR
Log In

You Might Also Like...

Show Comments

Extras

Created Jun 3, 2010ReportNominate
Tags:conference, FBS, never, team, win

Top Quizzes Today


Score Distribution

Your Account Isn't Verified!

In order to create a playlist on Sporcle, you need to verify the email address you used during registration. Go to your Sporcle Settings to finish the process.

Report this User

Report this user for behavior that violates our Community Guidelines.

Details: